[Event "ABC 2024 Utrecht, Groep B"]
[Site "Utrecht"]
[Date "2024.03.09"]
[Round "4.8"]
[White "Heus, Daan"]
[Black "Rogozyanskiy, Alexander"]
[Result "1/2-1/2"]
[WhiteElo "1936"]
[BlackElo "1765"]

1. e4 {[%clk 00:55:12]} {[%emt 00:00:07]} c5 {[%clk 00:55:15]} {[%emt
00:00:06]} 2. c3 {[%clk 00:55:15]} {[%emt 00:00:08]} d5 {[%clk 00:55:20]}
{[%emt 00:00:04]} 3. exd5 {[%clk 00:55:09]} {[%emt 00:00:16]} Qxd5 {[%clk
00:55:27]} {[%emt 00:00:02]} 4. d4 {[%clk 00:54:38]} {[%emt 00:00:42]} g6
{[%clk 00:54:28]} {[%emt 00:01:09]} 5. Nf3 {[%clk 00:54:36]} {[%emt 00:00:12]}
Bg7 {[%clk 00:54:09]} {[%emt 00:00:29]} 6. Be3 {[%clk 00:53:40]} {[%emt
00:01:06]} cxd4 {[%clk 00:52:08]} {[%emt 00:02:12]} 7. cxd4 {[%clk 00:53:21]}
{[%emt 00:00:29]} Nh6 {[%clk 00:49:53]} {[%emt 00:02:24]} 8. Nc3 {[%clk
00:52:56]} {[%emt 00:00:35]} Qa5 {[%clk 00:49:01]} {[%emt 00:01:01]} 9. Bd3
{[%clk 00:51:50]} {[%emt 00:01:16]} O-O {[%clk 00:47:51]} {[%emt 00:01:21]} 10.
O-O {[%clk 00:51:17]} {[%emt 00:00:43]} Nf5 {[%clk 00:47:41]} {[%emt 00:00:19]}
11. Rc1 {[%clk 00:48:59]} {[%emt 00:02:29]} Nc6 {[%clk 00:45:32]} {[%emt
00:02:19]} 12. Bc4 {[%clk 00:45:10]} {[%emt 00:03:58]} Qb4 {[%clk 00:38:06]}
{[%emt 00:07:36]} 13. Nb5 {[%clk 00:40:54]} {[%emt 00:04:27]} Nxe3 {[%clk
00:33:37]} {[%emt 00:04:39]} 14. fxe3 {[%clk 00:40:47]} {[%emt 00:00:17]} Bd7
{[%clk 00:30:43]} {[%emt 00:03:04]} 15. Qe2 {[%clk 00:37:26]} {[%emt 00:03:31]}
a6 {[%clk 00:28:24]} {[%emt 00:02:29]} 16. Nc7 {[%clk 00:35:35]} {[%emt
00:02:01]} Rac8 {[%clk 00:27:36]} {[%emt 00:00:58]} 17. Nd5 {[%clk 00:35:23]}
{[%emt 00:00:22]} Qa5 {[%clk 00:25:18]} {[%emt 00:02:27]} 18. Bb3 {[%clk
00:29:51]} {[%emt 00:05:43]} Be6 {[%clk 00:23:38]} {[%emt 00:01:49]} 19. Rc5
{[%clk 00:27:59]} {[%emt 00:02:02]} Qd8 {[%clk 00:22:50]} {[%emt 00:00:58]} 20.
Ng5 {[%clk 00:27:31]} {[%emt 00:00:38]} Nxd4 {[%clk 00:17:15]} {[%emt
00:05:46]} 21. Qc4 {[%clk 00:24:36]} {[%emt 00:03:05]} Rxc5 {[%clk 00:16:04]}
{[%emt 00:01:21]} 22. Qxc5 {[%clk 00:24:35]} {[%emt 00:00:10]} Nxb3 {[%clk
00:12:53]} {[%emt 00:03:21]} 23. Nxe7+ {[%clk 00:23:43]} {[%emt 00:01:03]} Kh8
{[%clk 00:12:55]} {[%emt 00:00:08]} 24. axb3 {[%clk 00:22:40]} {[%emt
00:01:13]} Bxb3 {[%clk 00:11:43]} {[%emt 00:01:22]} 25. Qb4 {[%clk 00:21:20]}
{[%emt 00:01:29]} Bd5 {[%clk 00:09:42]} {[%emt 00:02:11]} 26. e4 {[%clk
00:18:22]} {[%emt 00:03:08]} Be6 {[%clk 00:08:14]} {[%emt 00:01:38]} 27. Qxb7
{[%clk 00:14:53]} {[%emt 00:03:40]} Qd4+ {[%clk 00:04:52]} {[%emt 00:03:32]} 28.
Kh1 {[%clk 00:14:39]} {[%emt 00:00:24]} a5 {[%clk 00:03:20]} {[%emt 00:01:42]}
29. h3 {[%clk 00:13:17]} {[%emt 00:01:31]} Bc4 {[%clk 00:02:39]} {[%emt
00:00:52]} 30. Nf3 {[%clk 00:09:57]} {[%emt 00:03:30]} Qxb2 {[%clk 00:01:55]}
{[%emt 00:00:53]} 31. Qxb2 {[%clk 00:08:55]} {[%emt 00:01:13]} Bxb2 {[%clk
00:02:05]} 32. Rb1 {[%clk 00:08:36]} {[%emt 00:00:29]} Bf6 {[%clk 00:01:48]}
{[%emt 00:00:27]} 33. Nc6 {[%clk 00:08:05]} {[%emt 00:00:41]} Be6 {[%clk
00:01:15]} {[%emt 00:00:44]} 34. Nxa5 {[%clk 00:07:37]} {[%emt 00:00:37]} Kg7
{[%clk 00:01:00]} {[%emt 00:00:25]} 35. Nc6 {[%clk 00:07:10]} {[%emt 00:00:37]}
Re8 {[%clk 00:00:47]} {[%emt 00:00:23]} 36. e5 {[%clk 00:06:58]} {[%emt
00:00:22]} Be7 {[%clk 00:00:44]} {[%emt 00:00:12]} 37. Nxe7 {[%clk 00:06:52]}
{[%emt 00:00:16]} Rxe7 {[%clk 00:00:54]} 38. Rb6 {[%clk 00:06:05]} {[%emt
00:00:59]} Bd5 {[%clk 00:00:55]} {[%emt 00:00:06]} 39. Rb5 {[%clk 00:05:27]}
{[%emt 00:00:50]} Bxf3 {[%clk 00:00:45]} {[%emt 00:00:20]} 40. gxf3 {[%clk
00:05:32]} {[%emt 00:00:05]} g5 {[%clk 00:00:54]} 41. e6 {[%clk 00:04:46]}
{[%emt 00:00:55]} f6 {[%clk 00:01:03]} {[%emt 00:00:02]} 42. Rb6 {[%clk
00:04:06]} {[%emt 00:00:51]} f5 {[%clk 00:01:04]} {[%emt 00:00:09]} 43. Kg2
{[%clk 00:04:03]} {[%emt 00:00:12]} Kf6 {[%clk 00:01:11]} {[%emt 00:00:03]} 44.
h4 {[%clk 00:03:44]} {[%emt 00:00:29]} gxh4 {[%clk 00:00:51]} {[%emt 00:00:30]}
45. Kh3 {[%emt 00:00:04]} Kg5 {[%emt 00:00:12]} 46. Rd6 {[%clk 00:03:23]}
{[%emt 00:00:14]} h6 {[%clk 00:00:37]} {[%emt 00:00:24]} 47. Rc6 {[%clk
00:02:52]} {[%emt 00:00:41]} Kf4 {[%clk 00:00:35]} {[%emt 00:00:12]} 48. Kxh4
{[%clk 00:02:52]} {[%emt 00:00:11]} Kxf3 {[%clk 00:00:42]} {[%emt 00:00:03]} 49.
Kh5 {[%clk 00:02:43]} {[%emt 00:00:18]} Ke4 {[%clk 00:00:26]} {[%emt 00:00:26]}
50. Kxh6 {[%clk 00:02:25]} {[%emt 00:00:29]} f4 {[%clk 00:00:33]} {[%emt
00:00:02]} 51. Kg5 {[%clk 00:02:26]} {[%emt 00:00:09]} f3 {[%clk 00:00:37]}
{[%emt 00:00:07]} 52. Kf6 {[%clk 00:02:17]} {[%emt 00:00:20]} Re8 {[%clk
00:00:13]} {[%emt 00:00:33]} 53. Kf7 {[%clk 00:02:13]} {[%emt 00:00:13]} Rh8
{[%clk 00:00:14]} {[%emt 00:00:09]} 54. e7 {[%clk 00:02:12]} {[%emt 00:00:12]}
f2 {[%clk 00:00:15]} {[%emt 00:00:09]} 55. Rf6 {[%clk 00:01:49]} {[%emt
00:00:33]} Rh7+ {[%clk 00:00:19]} {[%emt 00:00:06]} 56. Ke6 {[%clk 00:01:47]}
{[%emt 00:00:11]} Rxe7+ {[%clk 00:00:23]} {[%emt 00:00:07]} 57. Kxe7 {[%clk
00:01:53]} {[%emt 00:00:03]} Ke3 {[%clk 00:00:31]} {[%emt 00:00:03]} 1/2-1/2

[Event "ABC 2024 Utrecht, Groep B"]
[Site "Utrecht"]
[Date "2024.03.09"]
[Round "4.9"]
[White "Rantz, Thomas"]
[Black "Katpatal, Akshaj"]
[Result "1-0"]
[WhiteElo "1632"]
[BlackElo "1919"]

1. e4 {[%clk 00:54:56]} {[%emt 00:00:23]} c5 {[%clk 00:55:09]} {[%emt
00:00:13]} 2. Nf3 {[%clk 00:54:52]} {[%emt 00:00:13]} Nc6 {[%clk 00:55:13]}
{[%emt 00:00:06]} 3. d4 {[%clk 00:54:54]} {[%emt 00:00:09]} cxd4 {[%clk
00:55:18]} {[%emt 00:00:04]} 4. Nxd4 {[%clk 00:54:59]} {[%emt 00:00:05]} d6
{[%clk 00:55:08]} {[%emt 00:00:20]} 5. Nc3 {[%clk 00:54:46]} {[%emt 00:00:23]}
a6 {[%clk 00:55:14]} {[%emt 00:00:05]} 6. Be3 {[%clk 00:54:28]} {[%emt
00:00:28]} Nf6 {[%clk 00:55:09]} {[%emt 00:00:14]} 7. h3 {[%clk 00:53:43]}
{[%emt 00:00:55]} g6 {[%clk 00:55:12]} {[%emt 00:00:07]} 8. g3 {[%clk
00:53:47]} {[%emt 00:00:06]} Bg7 {[%clk 00:55:17]} {[%emt 00:00:06]} 9. Bg2
{[%clk 00:53:47]} {[%emt 00:00:10]} Bd7 {[%clk 00:54:47]} {[%emt 00:00:38]} 10.
O-O {[%clk 00:53:36]} {[%emt 00:00:22]} O-O {[%clk 00:54:22]} {[%emt 00:00:35]}
11. Kh2 {[%clk 00:53:19]} {[%emt 00:00:27]} Rc8 {[%clk 00:52:59]} {[%emt
00:01:32]} 12. Rb1 {[%clk 00:51:16]} {[%emt 00:02:14]} b5 {[%clk 00:52:55]}
{[%emt 00:00:15]} 13. a3 {[%clk 00:50:56]} {[%emt 00:00:30]} Na5 {[%clk
00:52:42]} {[%emt 00:00:22]} 14. Nce2 {[%clk 00:45:40]} {[%emt 00:05:25]} e5
{[%clk 00:52:03]} {[%emt 00:00:50]} 15. Nb3 {[%clk 00:45:09]} {[%emt 00:00:41]}
Nc4 {[%clk 00:51:33]} {[%emt 00:00:40]} 16. Bg5 {[%clk 00:43:02]} {[%emt
00:02:17]} h6 {[%clk 00:50:31]} {[%emt 00:01:12]} 17. Bxf6 {[%clk 00:42:54]}
{[%emt 00:00:19]} Bxf6 {[%clk 00:49:47]} {[%emt 00:00:53]} 18. Nd2 {[%clk
00:42:45]} {[%emt 00:00:19]} Be6 {[%clk 00:49:07]} {[%emt 00:00:50]} 19. Nxc4
{[%clk 00:42:04]} {[%emt 00:00:52]} Bxc4 {[%clk 00:48:56]} {[%emt 00:00:21]} 20.
Re1 {[%clk 00:39:56]} {[%emt 00:02:17]} Qc7 {[%clk 00:47:52]} {[%emt 00:01:14]}
21. c3 {[%clk 00:39:43]} {[%emt 00:00:20]} Qc5 {[%clk 00:47:18]} {[%emt
00:00:47]} 22. Kg1 {[%clk 00:39:15]} {[%emt 00:00:38]} Rfd8 {[%clk 00:46:51]}
{[%emt 00:00:37]} 23. Nc1 {[%clk 00:35:38]} {[%emt 00:03:47]} d5 {[%clk
00:46:01]} {[%emt 00:01:01]} 24. exd5 {[%clk 00:34:50]} {[%emt 00:00:58]} Bxd5
{[%clk 00:45:46]} {[%emt 00:00:24]} 25. Bxd5 {[%clk 00:33:20]} {[%emt
00:01:41]} Rxd5 {[%clk 00:45:43]} {[%emt 00:00:13]} 26. Qf3 {[%clk 00:33:15]}
{[%emt 00:00:13]} Bg7 {[%clk 00:45:33]} {[%emt 00:00:21]} 27. Nd3 {[%clk
00:32:47]} {[%emt 00:00:38]} Qd6 {[%clk 00:40:33]} {[%emt 00:05:10]} 28. Nb4
{[%clk 00:32:31]} {[%emt 00:00:27]} Rdc5 {[%clk 00:40:18]} {[%emt 00:00:24]} 29.
Rbd1 {[%clk 00:32:17]} {[%emt 00:00:24]} Qe6 {[%clk 00:37:12]} {[%emt
00:03:15]} 30. h4 {[%clk 00:30:48]} {[%emt 00:01:40]} a5 {[%emt 00:05:54]} 31.
Nd5 {[%clk 00:28:17]} {[%emt 00:00:35]} f5 {[%clk 00:30:31]} {[%emt 00:03:12]}
32. Ne3 {[%clk 00:26:04]} {[%emt 00:02:24]} Rf8 {[%clk 00:20:39]} {[%emt
00:10:01]} 33. Ng2 {[%clk 00:22:39]} {[%emt 00:03:35]} Qf7 {[%clk 00:12:27]}
{[%emt 00:08:22]} 34. Rd2 {[%clk 00:21:39]} {[%emt 00:01:09]} e4 {[%clk
00:09:24]} {[%emt 00:03:14]} 35. Qe3 {[%clk 00:20:59]} {[%emt 00:00:50]} Rd5
{[%clk 00:08:34]} {[%emt 00:00:58]} 36. Red1 {[%clk 00:20:34]} {[%emt
00:00:38]} Rfd8 {[%clk 00:02:55]} {[%emt 00:05:49]} 37. Nf4 {[%clk 00:19:24]}
{[%emt 00:01:21]} Rxd2 {[%clk 00:01:54]} {[%emt 00:01:10]} 38. Rxd2 {[%clk
00:19:32]} {[%emt 00:00:02]} Rxd2 {[%clk 00:02:03]} 39. Qxd2 {[%clk 00:19:30]}
{[%emt 00:00:13]} Be5 {[%clk 00:01:28]} {[%emt 00:00:45]} 40. Qd8+ {[%clk
00:18:38]} {[%emt 00:01:01]} Kg7 {[%clk 00:01:04]} {[%emt 00:00:35]} 41. Qxa5
{[%clk 00:17:26]} {[%emt 00:01:22]} Bxf4 {[%clk 00:01:12]} {[%emt 00:00:02]} 42.
gxf4 {[%clk 00:17:21]} {[%emt 00:00:13]} Qd7 {[%clk 00:01:09]} {[%emt
00:00:14]} 43. Kg2 {[%clk 00:16:33]} {[%emt 00:01:00]} Qd3 {[%clk 00:00:44]}
{[%emt 00:00:33]} 44. Qa7+ {[%clk 00:15:38]} {[%emt 00:01:05]} Kg8 {[%clk
00:00:49]} {[%emt 00:00:05]} 45. Qe3 {[%clk 00:14:51]} {[%emt 00:00:58]} Qd1
{[%clk 00:00:55]} {[%emt 00:00:04]} 46. Kh2 {[%clk 00:14:09]} {[%emt 00:00:51]}
Qd5 {[%clk 00:00:22]} {[%emt 00:00:42]} 47. Qd4 {[%clk 00:13:40]} {[%emt
00:00:41]} Qc6 {[%clk 00:00:17]} {[%emt 00:00:14]} 48. b3 {[%clk 00:13:15]}
{[%emt 00:00:36]} Qa6 {[%clk 00:00:17]} {[%emt 00:00:10]} 49. a4 {[%clk
00:13:02]} {[%emt 00:00:23]} bxa4 {[%clk 00:00:17]} {[%emt 00:00:11]} 50. bxa4
{[%clk 00:12:02]} {[%emt 00:01:09]} Qd3 {[%clk 00:00:20]} {[%emt 00:00:07]} 51.
a5 {[%clk 00:11:13]} {[%emt 00:01:00]} Qe2 {[%clk 00:00:15]} {[%emt 00:00:13]}
52. Qe3 {[%clk 00:10:10]} {[%emt 00:01:14]} Qc4 {[%clk 00:00:15]} {[%emt
00:00:10]} 53. Qb6 {[%clk 00:08:37]} {[%emt 00:01:43]} Qf7 {[%clk 00:00:11]}
{[%emt 00:00:14]} 54. Qd8+ {[%clk 00:08:21]} {[%emt 00:00:26]} Kg7 {[%clk
00:00:17]} {[%emt 00:00:04]} 55. a6 {[%clk 00:08:08]} {[%emt 00:00:22]} Qa2
{[%clk 00:00:23]} {[%emt 00:00:06]} 56. Qd4+ {[%clk 00:08:07]} {[%emt
00:00:10]} Kf7 {[%clk 00:00:30]} {[%emt 00:00:03]} 57. a7 {[%clk 00:08:05]}
{[%emt 00:00:11]} Qa5 {[%clk 00:00:15]} {[%emt 00:00:25]} 58. c4 {[%clk
00:08:01]} {[%emt 00:00:13]} Qa2 {[%clk 00:00:13]} {[%emt 00:00:12]} 59. Qd5+
{[%clk 00:07:30]} {[%emt 00:00:42]} Kf6 {[%clk 00:00:18]} {[%emt 00:00:06]} 60.
Qd4+ {[%clk 00:07:22]} {[%emt 00:00:18]} Kf7 {[%clk 00:00:27]} {[%emt
00:00:01]} 61. Qb6 {[%clk 00:07:05]} {[%emt 00:00:27]} e3 {[%clk 00:00:26]}
{[%emt 00:00:11]} 62. Qxe3 {[%clk 00:06:58]} {[%emt 00:00:17]} Qa6 {[%clk
00:00:29]} {[%emt 00:00:07]} 63. Qc5 {[%clk 00:06:45]} {[%emt 00:00:23]} Kf6
{[%clk 00:00:18]} {[%emt 00:00:21]} 64. Qf8+ {[%clk 00:06:40]} {[%emt
00:00:14]} 1-0

[Event "ABC 2024 Utrecht, Groep B"]
[Site "Utrecht"]
[Date "2024.03.09"]
[Round "4.10"]
[White "Seth, Aakrit"]
[Black "Bajnath, Dhanesh"]
[Result "1-0"]
[WhiteElo "1914"]
[BlackElo "1760"]

1. d4 {[%clk 00:55:19]} {[%emt 00:00:01]} Nf6 {[%clk 00:55:19]} {[%emt
00:00:01]} 2. Bf4 {[%clk 00:55:19]} {[%emt 00:00:10]} e6 {[%clk 00:54:42]}
{[%emt 00:00:47]} 3. e3 {[%clk 00:55:18]} {[%emt 00:00:10]} d5 {[%clk
00:53:30]} {[%emt 00:01:22]} 4. Nf3 {[%clk 00:55:12]} {[%emt 00:00:17]} c5
{[%clk 00:52:36]} {[%emt 00:01:04]} 5. c3 {[%clk 00:55:16]} {[%emt 00:00:06]}
Nc6 {[%clk 00:52:09]} {[%emt 00:00:36]} 6. Nbd2 {[%clk 00:55:12]} {[%emt
00:00:15]} Bd6 {[%clk 00:48:12]} {[%emt 00:04:07]} 7. Bg3 {[%clk 00:54:39]}
{[%emt 00:00:42]} Qe7 {[%clk 00:34:50]} {[%emt 00:13:32]} 8. Bd3 {[%clk
00:53:19]} {[%emt 00:01:31]} Bd7 {[%clk 00:30:33]} {[%emt 00:04:27]} 9. Ne5
{[%clk 00:51:26]} {[%emt 00:02:02]} O-O {[%clk 00:28:31]} {[%emt 00:02:12]} 10.
O-O {[%clk 00:50:51]} {[%emt 00:00:45]} Rac8 {[%clk 00:26:08]} {[%emt
00:02:33]} 11. f4 {[%clk 00:44:39]} {[%emt 00:06:21]} Bc7 {[%clk 00:18:04]}
{[%emt 00:08:15]} 12. Bh4 {[%clk 00:42:49]} {[%emt 00:01:56]} Rfd8 {[%clk
00:17:00]} {[%emt 00:01:18]} 13. Ng4 {[%clk 00:40:09]} {[%emt 00:02:48]} cxd4
{[%clk 00:15:19]} {[%emt 00:01:53]} 14. exd4 {[%clk 00:38:09]} {[%emt
00:02:11]} Bb6 {[%clk 00:10:57]} {[%emt 00:04:31]} 15. Nxf6+ {[%clk 00:37:14]}
{[%emt 00:01:05]} gxf6 {[%clk 00:10:58]} {[%emt 00:00:09]} 16. Qh5 {[%clk
00:37:15]} {[%emt 00:00:09]} 1-0

[Event "ABC 2024 Utrecht, Groep B"]
[Site "Utrecht"]
[Date "2024.03.09"]
[Round "4.11"]
[White "Kool, Jesper"]
[Black "Van Haaften, Jelle"]
[Result "0-1"]
[WhiteElo "1900"]
[BlackElo "1750"]

1. e4 {[%clk 00:55:18]} {[%emt 00:00:02]} c6 {[%clk 00:55:16]} {[%emt
00:00:02]} 2. d4 {[%clk 00:55:25]} {[%emt 00:00:06]} d5 {[%clk 00:55:20]}
{[%emt 00:00:07]} 3. exd5 {[%clk 00:55:32]} {[%emt 00:00:02]} cxd5 {[%clk
00:55:22]} {[%emt 00:00:08]} 4. c4 {[%clk 00:55:41]} {[%emt 00:00:01]} Nf6
{[%clk 00:55:24]} {[%emt 00:00:07]} 5. Nc3 {[%clk 00:55:36]} {[%emt 00:00:16]}
Nc6 {[%clk 00:55:26]} {[%emt 00:00:08]} 6. cxd5 {[%clk 00:55:25]} {[%emt
00:00:21]} Nxd5 {[%clk 00:55:30]} {[%emt 00:00:06]} 7. Bc4 {[%clk 00:55:32]}
{[%emt 00:00:04]} Nxc3 {[%clk 00:55:17]} {[%emt 00:00:22]} 8. bxc3 {[%clk
00:55:37]} {[%emt 00:00:04]} Bf5 {[%clk 00:55:15]} {[%emt 00:00:12]} 9. Nf3
{[%clk 00:52:48]} {[%emt 00:03:00]} e6 {[%clk 00:55:00]} {[%emt 00:00:25]} 10.
O-O {[%clk 00:52:35]} {[%emt 00:00:23]} Be7 {[%clk 00:54:58]} {[%emt 00:00:10]}
11. Bf4 {[%clk 00:50:30]} {[%emt 00:02:16]} O-O {[%clk 00:54:48]} {[%emt
00:00:20]} 12. Qe2 {[%clk 00:48:46]} {[%emt 00:01:44]} Rc8 {[%clk 00:54:21]}
{[%emt 00:00:48]} 13. Bd3 {[%clk 00:47:37]} {[%emt 00:01:19]} Bxd3 {[%clk
00:53:24]} {[%emt 00:01:06]} 14. Qxd3 {[%clk 00:47:42]} {[%emt 00:00:06]} Bf6
{[%clk 00:53:21]} {[%emt 00:00:14]} 15. Rfd1 {[%clk 00:47:03]} {[%emt
00:00:47]} Ne7 {[%clk 00:47:28]} {[%emt 00:06:03]} 16. c4 {[%clk 00:45:05]}
{[%emt 00:02:10]} Ng6 {[%clk 00:46:39]} {[%emt 00:00:58]} 17. Bg3 {[%clk
00:44:52]} {[%emt 00:00:23]} Qa5 {[%clk 00:45:50]} {[%emt 00:00:59]} 18. Qb3
{[%clk 00:40:23]} {[%emt 00:04:39]} b6 {[%clk 00:45:22]} {[%emt 00:00:38]} 19.
Rac1 {[%clk 00:39:18]} {[%emt 00:01:15]} Rfd8 {[%clk 00:44:10]} {[%emt
00:01:21]} 20. Rc2 {[%clk 00:36:20]} {[%emt 00:03:09]} Bxd4 {[%clk 00:40:17]}
{[%emt 00:04:03]} 21. Rcd2 {[%clk 00:26:29]} {[%emt 00:10:00]} Bf6 {[%clk
00:40:02]} {[%emt 00:00:25]} 22. Rxd8+ {[%clk 00:26:17]} {[%emt 00:00:23]} Rxd8
{[%clk 00:40:01]} {[%emt 00:00:11]} 23. Rc1 {[%clk 00:22:10]} {[%emt 00:04:17]}
Be5 {[%clk 00:37:10]} {[%emt 00:03:01]} 24. Nxe5 {[%clk 00:18:29]} {[%emt
00:03:51]} Nxe5 {[%clk 00:36:51]} {[%emt 00:00:29]} 25. Qb5 {[%clk 00:18:31]}
{[%emt 00:00:08]} Qd2 {[%clk 00:33:05]} {[%emt 00:03:51]} 26. Rf1 {[%clk
00:17:34]} {[%emt 00:01:12]} Ng6 {[%clk 00:30:47]} {[%emt 00:02:28]} 27. Qa6
{[%clk 00:16:15]} {[%emt 00:01:29]} Qd7 {[%clk 00:30:18]} {[%emt 00:00:38]} 28.
h3 {[%clk 00:16:07]} {[%emt 00:00:18]} Ne7 {[%clk 00:29:31]} {[%emt 00:00:56]}
29. Rb1 {[%clk 00:13:56]} {[%emt 00:02:19]} Nf5 {[%clk 00:27:47]} {[%emt
00:01:40]} 30. Rb3 {[%clk 00:13:05]} {[%emt 00:01:19]} Nxg3 {[%clk 00:27:20]}
{[%emt 00:00:37]} 31. Rxg3 {[%clk 00:13:04]} {[%emt 00:00:10]} Rc8 {[%clk
00:27:03]} {[%emt 00:00:27]} 32. Rd3 {[%clk 00:12:03]} {[%emt 00:01:12]} Qc7
{[%clk 00:27:09]} {[%emt 00:00:04]} 33. Qb5 {[%clk 00:10:50]} {[%emt 00:01:23]}
g6 {[%clk 00:24:34]} {[%emt 00:02:45]} 34. Rd7 {[%clk 00:09:32]} {[%emt
00:01:28]} Qxc4 {[%clk 00:24:36]} {[%emt 00:00:08]} 35. Rd8+ {[%clk 00:09:29]}
{[%emt 00:00:13]} Kg7 {[%clk 00:24:21]} {[%emt 00:00:25]} 36. Qe5+ {[%clk
00:09:24]} {[%emt 00:00:15]} Kh6 {[%clk 00:23:48]} {[%emt 00:00:43]} 37. Rd4
{[%clk 00:08:59]} {[%emt 00:00:36]} Qc1+ {[%clk 00:23:09]} {[%emt 00:00:48]} 38.
Kh2 {[%clk 00:09:02]} {[%emt 00:00:07]} Qg5 {[%clk 00:22:33]} {[%emt 00:00:44]}
39. Qd6 {[%clk 00:07:18]} {[%emt 00:01:56]} Kg7 {[%clk 00:20:43]} {[%emt
00:01:59]} 40. Qd7 {[%clk 00:06:06]} {[%emt 00:01:23]} Qc5 {[%clk 00:19:46]}
{[%emt 00:01:06]} 41. Rf4 {[%clk 00:05:44]} {[%emt 00:00:32]} Qc7 {[%clk
00:19:19]} {[%emt 00:00:37]} 42. Qd4+ {[%clk 00:04:32]} {[%emt 00:01:23]} e5
{[%clk 00:19:09]} {[%emt 00:00:19]} 43. Qb2 {[%clk 00:04:40]} {[%emt 00:00:01]}
Qc3 {[%clk 00:18:04]} {[%emt 00:01:17]} 44. Rb4 {[%clk 00:04:26]} {[%emt
00:00:24]} Qxb2 {[%clk 00:18:03]} {[%emt 00:00:10]} 45. Rxb2 {[%clk 00:04:35]}
{[%emt 00:00:02]} Kf6 {[%clk 00:17:55]} {[%emt 00:00:18]} 46. Rd2 {[%clk
00:04:34]} {[%emt 00:00:12]} Ke6 {[%clk 00:17:55]} {[%emt 00:00:10]} 47. Kg3
{[%clk 00:04:42]} {[%emt 00:00:01]} f5 {[%clk 00:17:47]} {[%emt 00:00:18]} 48.
Kh4 {[%clk 00:04:20]} {[%emt 00:00:32]} h6 {[%clk 00:17:48]} {[%emt 00:00:09]}
49. Kg3 {[%clk 00:04:29]} e4 {[%clk 00:17:31]} {[%emt 00:00:27]} 50. h4 {[%clk
00:03:42]} {[%emt 00:00:57]} g5 {[%clk 00:16:59]} {[%emt 00:00:43]} 51. hxg5
{[%clk 00:03:30]} {[%emt 00:00:21]} hxg5 {[%clk 00:17:00]} {[%emt 00:00:08]} 52.
f3 {[%clk 00:03:29]} {[%emt 00:00:12]} e3 {[%clk 00:16:52]} {[%emt 00:00:18]}
53. Re2 {[%clk 00:03:28]} {[%emt 00:00:10]} f4+ {[%clk 00:16:58]} {[%emt
00:00:05]} 54. Kg4 {[%clk 00:03:36]} {[%emt 00:00:02]} Rc5 {[%clk 00:16:50]}
{[%emt 00:00:16]} 55. g3 {[%clk 00:03:40]} {[%emt 00:00:07]} Rf5 {[%clk
00:16:14]} {[%emt 00:00:44]} 56. gxf4 {[%clk 00:03:29]} {[%emt 00:00:24]} gxf4
{[%clk 00:15:57]} {[%emt 00:00:26]} 57. Rh2 {[%clk 00:03:32]} {[%emt 00:00:08]}
Rf7 {[%clk 00:15:36]} {[%emt 00:00:31]} 58. Rb2 {[%clk 00:02:53]} {[%emt
00:00:49]} Kd5 {[%clk 00:15:02]} {[%emt 00:00:43]} 59. Kh3 {[%clk 00:01:37]}
{[%emt 00:01:27]} Kc4 {[%clk 00:14:41]} {[%emt 00:00:31]} 60. Kg2 {[%clk
00:01:25]} {[%emt 00:00:22]} Rg7+ {[%clk 00:14:16]} {[%emt 00:00:35]} 61. Kf1
{[%clk 00:01:13]} {[%emt 00:00:22]} Rg3 {[%clk 00:13:58]} {[%emt 00:00:27]} 62.
Rc2+ {[%clk 00:00:47]} {[%emt 00:00:37]} Kd3 {[%clk 00:13:48]} {[%emt
00:00:20]} 63. Rc7 {[%clk 00:00:51]} {[%emt 00:00:05]} e2+ {[%clk 00:13:27]}
{[%emt 00:00:33]} 64. Kf2 {[%clk 00:00:47]} {[%emt 00:00:13]} Rxf3+ {[%clk
00:13:18]} {[%emt 00:00:18]} 65. Kxf3 {[%clk 00:00:49]} {[%emt 00:00:09]} e1=Q
{[%clk 00:13:09]} {[%emt 00:00:17]} 66. Rd7+ {[%clk 00:00:39]} {[%emt
00:00:21]} Kc4 {[%clk 00:12:46]} {[%emt 00:00:22]} 67. Kxf4 {[%clk 00:00:35]}
{[%emt 00:00:25]} Qh4 {[%clk 00:12:29]} {[%emt 00:00:20]} 68. Ke5 {[%clk
00:00:40]} {[%emt 00:00:13]} Qg5+ {[%clk 00:12:20]} {[%emt 00:00:14]} 0-1